| 000 | 00641nam a2200217 a 4500 | ||
|---|---|---|---|
| 005 | 20210219152936.0 | ||
| 008 | 991125n 000 0 u | ||
| 035 | _aUPN01000067954 | ||
| 100 | _aBray, Mark | ||
| 222 | _aCOMPARATIVE EDUCATION REVIEW | ||
| 245 | _aColonialism, scale, and politics : divergence and convergence of educational development in Hong Kong and Macau | ||
| 300 | _a322-342 | ||
| 362 | _a36, No. 3, 1992 | ||
| 505 | _aEnero 1993 | ||
| 653 | 0 | _aCAMBIO EDUCATIVO | |
| 653 | 0 | _aCOLONIALISMO | |
| 653 | 0 | _aDESARROLLO EDUCATIVO | |
| 653 | 0 | _aPOLITICAS DE EDUCACION | |
| 904 |
_aAC _b005765 |
||
| 905 | _aArticulo | ||
| 999 |
_c64283 _d64283 |
||